|
|
|
|
| LEADER |
00000cam a2200000 i 4500 |
| 001 |
1/102732 |
| 008 |
000228s1995 fre d |
| 020 |
|
|
|a 2-13-033474-1
|
| 035 |
|
|
|l 10058199
|
| 040 |
|
|
|a GR-MY-UA
|b gre
|e aacr
|
| 041 |
0 |
|
|a fre
|
| 082 |
0 |
|
|a 160
|
| 100 |
1 |
|
|a Husserl, Edmund,
|d 1859-1938.
|
| 245 |
1 |
0 |
|a Articles sur la logique :
|b 1890-1913 /
|c Edmund Husserl ; traduction, notes remarques et index par Jacques English.
|
| 250 |
|
|
|a 2η εκδ.
|
| 260 |
|
|
|a Paris :
|b PUF,
|c 1995.
|
| 300 |
|
|
|a 586 σ.
|
| 490 |
1 |
|
|a (Epimethee)
|
| 650 |
0 |
0 |
|a Logic.
|
| 650 |
0 |
0 |
|a Knowledge, Theory of.
|
| 650 |
0 |
0 |
|a Phenomenology.
|
| 700 |
1 |
|
|a English, Jacques,
|e trl
|
| 830 |
|
0 |
|a Epimethee
|
| 852 |
|
|
|a INST
|b RHODES
|e 20000228
|h 160 HUS
|p 005400014517
|q 005400014517
|t BK
|y 0
|
| 901 |
|
|
|a BIBL4-2000-1
|
| 909 |
|
|
|a Ρ
|b 065776
|
| 922 |
|
|
|a 4ΕΛΗ
|b 199905
|c ΚΠΣ/154
|d LEADER BOOKS
|
| 970 |
|
|
|a ΚΟΥΛΑΚΙΟΤΗ
|b ΛΙΤΣΑ
|z 2000/02/28
|